| 000 | 00868nam a2200325 a 4500 | ||
|---|---|---|---|
| 003 | AR-BaBNM | ||
| 005 | 20251128204632.0 | ||
| 008 | 082120s2002 ||||||||||||||000 | spa|| | ||
| 020 | _a950-581-106-3 | ||
| 040 | _cAR-BaBNM | ||
| 100 | 1 | _aGorostiza, Carlos | |
| 245 | 0 | 0 | _aEl puente |
| 260 |
_aBuenos Aires _bColihue _c1993 |
||
| 300 | _a148 p. | ||
| 490 | 0 |
_aLeer y crear _vv. 106 |
|
| 500 | _aPropuestas de trabajo para los alumnos | ||
| 500 | _aBiografía del autor | ||
| 504 | _aContiene bibliografía | ||
| 504 | _aBibliografía general | ||
| 650 | 4 | _aLITERATURA ARGENTINA | |
| 650 | 4 | _aANALISIS LITERARIO | |
| 650 | 4 | _aTEATRO | |
| 650 | 4 | _aPROBLEMAS SOCIALES | |
| 653 | _aENSEÑANZA DE LA LITERATURA | ||
| 653 | _aEDUCACION SECUNDARIA | ||
| 655 | _aLITERATURA | ||
| 800 | 1 |
_aPetruzzi, Herminia _edirector |
|
| 942 | _cBK | ||
| 998 | _cisola | ||
| 999 |
_c8173 _d8173 |
||